000 01394cam a22003973a 4500
001 1071
005 20230821133624.0
008 110808s1992 nyua j 000 1 eng d
020 _a9780590448222
020 _a9780780782235
020 _a0780782232
020 _a0590448226
040 _aMRQ
_cMRQ
_dSLC
_dOCL
_dOCLCQ
_dBAKER
_dBTCTA
_dXY4
_dYDXCP
_dLF3
_dEM5
_dDLC
_beng
050 0 0 _aPZ7.D128
082 _aFic
100 1 _aDadey, Debbie
245 1 0 _aLeprechauns don't play basketball /
_cby Debbie Dadey and Marcia Thornton Jones ; illustrated by John Steven Gurney.
260 _aNew York :
_bScholastic,
_c1992.
300 _a71 pages :
_billustrations ;
_c20 cm
490 0 _aLittle Apple fiction
500 _a"A Little Apple paperback."
505 _aP
520 _aThere's a mystery going on between the new basketball coach and the third-grade teacher, Mrs. Jeepers.
521 0 _a650
_bLexile
521 1 _aP
_bRaz-Plus
650 0 _aLeprechauns
_vFiction.
650 0 _aBasketball
_vFiction.
650 0 _aSchools
_vFiction.
650 0 _aBasketball coaches
_vFiction.
650 0 _aBailey School Kids (Fictitious characters)
_vFiction.
655 7 _aChildren's stories.
_2lcsh
700 1 _aJones, Marcia Thornton.
700 1 _aGurney, John Steven,
_d1962-
_eillustrator
906 _a7
_bcbc
_ccopycat
_d2
_encip
_f20
_gy-genrareb
942 _2ddc
_cBK
_n0
999 _c1071
_d1071